000 00979nas a2200289 4500
001 BR0807893
003 BR-BrBNA
005 20231205112748.0
007 ta
008 230509b bl.|||p| |||| 00| 00por d
040 _aBR-BrBNA
_bpor
_cBiblioteca Nacional de Agricultura
041 _a(En)
072 _aL73
100 1 _aXavier, J.G.
100 1 _aLongatto Filho, A.
100 1 _aKanamura, C.T.
100 1 _aGuerra, J.L.
245 1 _aUse of the Dorfman Warnke classification (modified by Burke)in veterinary pathology in the evaluation of the lymphadenitis induced through canine parvovirus in guinea-pigs (Cavia porcellus)
650 _aANIMAL
650 _aCACHORRO
650 _aPORCO
650 _aDOENÇA ANIMAL
650 _aPARVOVIROSE
773 0 _tBrazilian Journal of Veterinary Research and Animal Science (Brazil)
_xISSN 1413-9596
_g(1998), v. 35(1/6) p. 252-256
_wBR0807893
909 _a202311
_bLúcia
_c55
_dLúcia Elande
942 _2AGRIS
_n0
_cANA
999 _c199829
_d199829